000 00999nmc a2200361 a 4500
003 AR-BaBNM
005 20251128205949.0
008 011101s1997 ||||||||||||||000 | spa||
020 _a950-506-2286-9
040 _cAR-BaBNM
100 1 _aDi Tullio, Angela
245 1 0 _aManual de gramática del español
_bdesarrollos teóricos : ejercicios : soluciones
250 _a1ª ed.
260 _aBuenos Aires
_bEdicial
_c1997
300 _a440 p.
_bgráfs.
490 0 _aEdicial universidad
500 _aContiene referencias bibliográficas en p. 423
500 _aIndice temático en p. 429
650 4 _aGRAMATICA
650 4 _aESTRUCTURA DE LA ORACION
650 4 _aFONETICA
650 4 _aFONOLOGIA
650 4 _aSINTAXIS
650 4 _aSEMANTICA
650 4 _aORTOGRAFIA
650 4 _aMORFOLOGIA [LINGUISTICA]
650 4 _aESPANOL
650 4 _aACTIVIDADES DE APRENDIZAJE
650 4 _aMANUAL
800 1 _aArnoux, Elvira
_edirector
942 _cBK
998 _cMARTIN
999 _c13505
_d13505